00283nam a22001097a 4500020001800000040000900018082001500027100002100042245003200063260004600095650003200141 a9788129704191 cNust a629.8bBHA aBhattacharya, SK aControl Systems Engineering aNew Delhi:bPearson Education Inc,c2005. aControl Systems Engineering